000 00729nam a2200193 a 4500
001 BRCA_589
005 20190320203056.0
008 140408s2004----sp-o---###---#000-0#spa-#
020 _a8482152742
050 4 _aNK4706
_b.I53 2004
245 1 0 _aIndumenta
_bevolución del traje femenino.
260 _aMadrid
_bIFEMA Feria de Madrid : Madrid Vive la Moda
_c2004
300 _a139 p.
_bil. a color, fotografías
_c28 cm.
500 _aCatálogo de la exposición realizada en el Centro Cultural Casa de Vacas. Parque del Buen Retiro (Madrid), 13 febrero - 7 marzo, 2004
546 _aTexto en : español e inglés
650 1 4 _aIndumentaria femenina
_xHistoria
_92028
650 1 4 _aVestido
_xDiseño - Historia
_92029
942 _2lcc
_cB
999 _c517
_d517